<?xml version="1.0" encoding="UTF-8"?><record xmlns="http://www.loc.gov/MARC21/slim" xmlns:zs="http://docs.oasis-open.org/ns/search-ws/sruResponse">
  <leader>04760cgdaa22008177i 4500</leader>
  <controlfield tag="001">21898766</controlfield>
  <controlfield tag="005">20260121223548.4</controlfield>
  <controlfield tag="007">cr n|a||||||||</controlfield>
  <controlfield tag="008">210209s2019    wiu           s   v|eng  </controlfield>
  <datafield ind1=" " ind2=" " tag="035">
    <subfield code="a">21898766</subfield>
  </datafield>
  <datafield ind1=" " ind2=" " tag="906">
    <subfield code="a">0</subfield>
    <subfield code="b">ibc</subfield>
    <subfield code="c">orignew</subfield>
    <subfield code="d">u</subfield>
    <subfield code="e">ncip</subfield>
    <subfield code="f">20</subfield>
    <subfield code="g">y-folklife</subfield>
  </datafield>
  <datafield ind1=" " ind2=" " tag="955">
    <subfield code="a">mler 2020-09-24</subfield>
    <subfield code="a">masmit 2021-02-09</subfield>
    <subfield code="a">masmit 2026-01-21</subfield>
  </datafield>
  <datafield ind1=" " ind2=" " tag="010">
    <subfield code="a">  2020655694</subfield>
  </datafield>
  <datafield ind1=" " ind2=" " tag="040">
    <subfield code="a">DLC</subfield>
    <subfield code="b">eng</subfield>
    <subfield code="e">dacs</subfield>
    <subfield code="c">DLC</subfield>
  </datafield>
  <datafield ind1=" " ind2=" " tag="043">
    <subfield code="a">n-us-wi</subfield>
  </datafield>
  <datafield ind1=" " ind2=" " tag="090">
    <subfield code="a">AFC 2018/030: 05161</subfield>
  </datafield>
  <datafield ind1="1" ind2=" " tag="100">
    <subfield code="a">Skudlarek, Mark,</subfield>
    <subfield code="e">interviewee.</subfield>
  </datafield>
  <datafield ind1="1" ind2="0" tag="245">
    <subfield code="a">Mark Skudlarek interview conducted by Meredith McGriff, 2019-01-05.</subfield>
  </datafield>
  <datafield ind1=" " ind2="0" tag="264">
    <subfield code="c">2019-01-05</subfield>
  </datafield>
  <datafield ind1=" " ind2=" " tag="300">
    <subfield code="a">3 video files (mpg4) (01:18:01) :</subfield>
    <subfield code="b">digital, sound, color.</subfield>
  </datafield>
  <datafield ind1=" " ind2=" " tag="300">
    <subfield code="a">2 sound files (wav) (01:18:01) :</subfield>
    <subfield code="b">digital, sound.</subfield>
  </datafield>
  <datafield ind1=" " ind2=" " tag="300">
    <subfield code="a">23 photographs :</subfield>
    <subfield code="b">digital, jpg, color.</subfield>
  </datafield>
  <datafield ind1=" " ind2=" " tag="300">
    <subfield code="a">2 manuscripts :</subfield>
    <subfield code="b">docx, pdf, text files.</subfield>
  </datafield>
  <datafield ind1=" " ind2=" " tag="336">
    <subfield code="a">two-dimensional moving image</subfield>
    <subfield code="b">tdi</subfield>
    <subfield code="2">rdacontent</subfield>
  </datafield>
  <datafield ind1=" " ind2=" " tag="336">
    <subfield code="a">spoken word</subfield>
    <subfield code="b">spw</subfield>
    <subfield code="2">rdacontent</subfield>
  </datafield>
  <datafield ind1=" " ind2=" " tag="336">
    <subfield code="a">still image</subfield>
    <subfield code="b">sti</subfield>
    <subfield code="2">rdacontent</subfield>
  </datafield>
  <datafield ind1=" " ind2=" " tag="337">
    <subfield code="a">video</subfield>
    <subfield code="b">v</subfield>
    <subfield code="2">rdamedia</subfield>
  </datafield>
  <datafield ind1=" " ind2=" " tag="337">
    <subfield code="a">audio</subfield>
    <subfield code="b">s</subfield>
    <subfield code="2">rdamedia</subfield>
  </datafield>
  <datafield ind1=" " ind2=" " tag="337">
    <subfield code="a">computer</subfield>
    <subfield code="b">c</subfield>
    <subfield code="2">rdamedia</subfield>
  </datafield>
  <datafield ind1=" " ind2=" " tag="338">
    <subfield code="a">online resource</subfield>
    <subfield code="b">cr</subfield>
    <subfield code="2">rdacarrier</subfield>
  </datafield>
  <datafield ind1="0" ind2=" " tag="506">
    <subfield code="a">Collection is open for research. To request materials, please contact the Folklife Reading Room at</subfield>
    <subfield code="u">https://hdl.loc.gov/loc.afc/folklife.contact</subfield>
  </datafield>
  <datafield ind1=" " ind2=" " tag="518">
    <subfield code="a">Recorded at Cambridge Wood-Fired Pottery, Cambridge, Wisconsin, January 5, 2019.</subfield>
  </datafield>
  <datafield ind1=" " ind2=" " tag="520">
    <subfield code="a">Potter Mark Skudlarek, owner of Cambridge Wood-Fired Pottery, discusses his career and his craft. He talks about his training: first in college, then in La Borne, France, and as Todd Piker's apprentice. He tells of working for Rockville Union Stoneware and opening his own studio. He describes building his studio and kiln, wood firing, sourcing wood, mixing clay, and having an apprentice of his own. He also discusses two local tours that he has helped establish: the Earth, Wood, and Fire tour and the Clay Collective tour. This interview was recorded in both audio and video formats. Timestamps in the transcript are keyed to the audio file.</subfield>
  </datafield>
  <datafield ind1="8" ind2=" " tag="524">
    <subfield code="a">Production potters of the Midwest : Archie Green Fellows project, 2018-2019 (AFC 2018/030: 05161) Archive of Folk Culture, American Folklife Center, Library of Congress, Washington, D.C.</subfield>
  </datafield>
  <datafield ind1=" " ind2=" " tag="540">
    <subfield code="a">Duplication of collection materials may be governed by copyright and other restrictions.</subfield>
  </datafield>
  <datafield ind1=" " ind2=" " tag="545">
    <subfield code="a">To honor the memory of Archie Green (1917-2009), a fellowship program was established at the American Folklife Center in 2010. Archie Green Fellowships support new research in the contemporary culture and traditions of American workers.</subfield>
  </datafield>
  <datafield ind1=" " ind2=" " tag="546">
    <subfield code="a">In English.</subfield>
  </datafield>
  <datafield ind1="1" ind2="0" tag="600">
    <subfield code="a">Skudlarek, Mark</subfield>
    <subfield code="v">Interviews.</subfield>
  </datafield>
  <datafield ind1=" " ind2="0" tag="650">
    <subfield code="a">Pottery industry</subfield>
    <subfield code="x">Technological innovations.</subfield>
  </datafield>
  <datafield ind1=" " ind2="0" tag="650">
    <subfield code="a">Artists' studios.</subfield>
  </datafield>
  <datafield ind1=" " ind2="0" tag="650">
    <subfield code="a">Age and employment.</subfield>
  </datafield>
  <datafield ind1=" " ind2="0" tag="650">
    <subfield code="a">Employees</subfield>
    <subfield code="x">Training of.</subfield>
  </datafield>
  <datafield ind1=" " ind2="0" tag="650">
    <subfield code="a">Pottery industry</subfield>
    <subfield code="x">Folklore.</subfield>
  </datafield>
  <datafield ind1=" " ind2="0" tag="650">
    <subfield code="a">Pottery craft</subfield>
    <subfield code="z">Middle West.</subfield>
  </datafield>
  <datafield ind1=" " ind2="0" tag="650">
    <subfield code="a">Potters</subfield>
    <subfield code="x">Training of.</subfield>
  </datafield>
  <datafield ind1=" " ind2="0" tag="650">
    <subfield code="a">Job satisfaction.</subfield>
  </datafield>
  <datafield ind1=" " ind2="0" tag="650">
    <subfield code="a">Material culture</subfield>
    <subfield code="z">United States.</subfield>
  </datafield>
  <datafield ind1=" " ind2="0" tag="650">
    <subfield code="a">Art pottery</subfield>
    <subfield code="z">Wisconsin.</subfield>
  </datafield>
  <datafield ind1=" " ind2="0" tag="650">
    <subfield code="a">Self-employed</subfield>
    <subfield code="z">Middle West</subfield>
    <subfield code="v">Interviews.</subfield>
  </datafield>
  <datafield ind1=" " ind2="0" tag="650">
    <subfield code="a">Potters</subfield>
    <subfield code="z">Middle West</subfield>
    <subfield code="v">Interviews.</subfield>
  </datafield>
  <datafield ind1=" " ind2="0" tag="650">
    <subfield code="a">Pottery industry</subfield>
    <subfield code="z">United States.</subfield>
  </datafield>
  <datafield ind1=" " ind2="7" tag="655">
    <subfield code="a">Sound recordings.</subfield>
    <subfield code="2">lcgft</subfield>
  </datafield>
  <datafield ind1=" " ind2="7" tag="655">
    <subfield code="a">Video recordings.</subfield>
    <subfield code="2">lcgft</subfield>
  </datafield>
  <datafield ind1=" " ind2="7" tag="655">
    <subfield code="a">Digital photographs</subfield>
    <subfield code="x">Color</subfield>
    <subfield code="y">2010-2020.</subfield>
    <subfield code="2">gmgpc</subfield>
  </datafield>
  <datafield ind1=" " ind2="7" tag="655">
    <subfield code="a">Interviews.</subfield>
    <subfield code="2">lcgft</subfield>
  </datafield>
  <datafield ind1=" " ind2="7" tag="655">
    <subfield code="a">Oral histories.</subfield>
    <subfield code="2">lcgft</subfield>
  </datafield>
  <datafield ind1=" " ind2="7" tag="655">
    <subfield code="a">Personal narratives.</subfield>
    <subfield code="2">lcgft</subfield>
  </datafield>
  <datafield ind1="1" ind2=" " tag="700">
    <subfield code="a">McGriff, Meredith A. E.,</subfield>
    <subfield code="e">interviewer.</subfield>
  </datafield>
  <datafield ind1="2" ind2=" " tag="710">
    <subfield code="a">Occupational Folklife Project,</subfield>
    <subfield code="e">sponsor.</subfield>
  </datafield>
  <datafield ind1=" " ind2=" " tag="751">
    <subfield code="a">Cambridge (Wis.),</subfield>
    <subfield code="e">event place.</subfield>
  </datafield>
  <datafield ind1="0" ind2=" " tag="773">
    <subfield code="t">Production potters of the Midwest: Archie Green Fellows project, 2018-2019</subfield>
    <subfield code="g">AFC 2018/030: 05161</subfield>
    <subfield code="w">(DLC) 2020655237</subfield>
  </datafield>
  <datafield ind1=" " ind2=" " tag="852">
    <subfield code="a">Library of Congress</subfield>
    <subfield code="b">Archive of Folk Culture, American Folklife Center,</subfield>
    <subfield code="e">101 Independence Ave. S.E., Washington, DC USA 20540-4610</subfield>
    <subfield code="u">https://hdl.loc.gov/loc.afc/folklife.home</subfield>
  </datafield>
  <datafield ind1="4" ind2="1" tag="856">
    <subfield code="f">afc2018030_05161_mv</subfield>
    <subfield code="d">afc2018030</subfield>
    <subfield code="3">Video recording of interview with Mark Skudlarek.</subfield>
    <subfield code="u">https://hdl.loc.gov/loc.afc/afc2018030.afc2018030_05161_mv01</subfield>
  </datafield>
  <datafield ind1="4" ind2="1" tag="856">
    <subfield code="f">afc2018030_05161_sr01</subfield>
    <subfield code="d">afc2018030</subfield>
    <subfield code="3">Audio recording of interview with Mark Skudlarek. Part 1 of 2.</subfield>
  </datafield>
  <datafield ind1="4" ind2="1" tag="856">
    <subfield code="f">afc2018030_05161_sr02</subfield>
    <subfield code="d">afc2018030</subfield>
    <subfield code="3">Audio recording of interview with Mark Skudlarek. Part 2 of 2.</subfield>
  </datafield>
  <datafield ind1="4" ind2="1" tag="856">
    <subfield code="f">afc2018030_05161_ph</subfield>
    <subfield code="d">afc2018030</subfield>
    <subfield code="3">Images associated with interview.</subfield>
  </datafield>
  <datafield ind1="4" ind2="1" tag="856">
    <subfield code="f">afc2018030_05161_ms02</subfield>
    <subfield code="d">afc2018030</subfield>
    <subfield code="3">Photo log of interview with Mark Skudlarek.</subfield>
  </datafield>
  <datafield ind1="4" ind2="1" tag="856">
    <subfield code="f">afc2018030_05161_ms01</subfield>
    <subfield code="d">afc2018030</subfield>
    <subfield code="3">Transcript of interview with Mark Skudlarek.</subfield>
  </datafield>
  <datafield ind1=" " ind2=" " tag="985">
    <subfield code="a">afc/agf</subfield>
  </datafield>
  <datafield ind1=" " ind2=" " tag="985">
    <subfield code="a">afc/ofp</subfield>
  </datafield>
  <datafield ind1=" " ind2=" " tag="985">
    <subfield code="a">afc/2018030</subfield>
  </datafield>
</record>
